000 00490nam a2200181Ia 4500
005 20250326142134.0
008 250326s9999 xx 000 0 und d
037 _aTextbook
040 _aFMSL
_beng
_cFMSL
041 _aeng
_2eng
084 _qFMSL
100 _aJones J E
245 0 _a1979 annual handbook for group facilitators-79
_cJones J E; Pfeiffer J W
260 _aUniversity
_bUniversity, Associate
_c1979
300 _a303p
942 _cTB
999 _c1293623
_d1293623